LEADER 01020cam0-22003251i-450- 001 990004198680403321 005 20080610101631.0 035 $a000419868 035 $aFED01000419868 035 $a(Aleph)000419868FED01 035 $a000419868 100 $a19990604d1992----km-y0itay50------ba 101 0 $aeng 102 $aNL 105 $ay-------00-y- 200 1 $aExplanation in historical linguistics$fedited by Garry W. Davis and Gregory K. Iverson 210 $aAmsterdam$cBenjamins$d1992 215 $aXIV, 238 p.$d23 cm 225 1 $aAmsterdam studies in the theory and history of linguistic science$hSeries 4.$iCurrent issues in linguistic theory$v84 610 0 $aLinguistica storica 676 $a417.7 702 1$aDavis,$bGarry W. 702 1$aIverson,$bGregory K. 801 0$aIT$bUNINA$gRICA$2UNIMARC 901 $aBK 912 $a990004198680403321 952 $a417.7 DAV 1$bBibl.21870$fFLFBC 959 $aFLFBC 996 $aExplanation in historical linguistics$9484454 997 $aUNINA LEADER 01105nam a2200253 i 4500 001 991003946229707536 008 035 $ab14413255-39ule_inst 040 $aDip.to di Storia, Societą e Studi sull'Uomo$bita 082 04$a331.880945753 245 03$aLa Cgil, il Salento :$b70 anni di lotte per l'emancipazione sociale e la dignitą del lavoro (dall'Arneo a Boncuri) /$cSalvatore Arnesano ... [et al.] 260 $aCastiglione :$bGiorgiani,$cc20 300 $a230 p. :$bill. ;$c23 cm 490 0 $aLa memoria che resta ;$v2 650 4$aConfederazione generale italiana del lavoro$zSalento 700 1 $aArnesano, Salvatore$eauthor$4http://id.loc.gov/vocabulary/relators/aut$0451935 700 1 $aIngrosso, Cosimo 700 1 $aCoppola, Salvatore 907 $a.b14413255$b21-06-21$c21-06-21 912 $a991003946229707536 945 $aLE023 331.88 CGI 1 1$g1$i2023000190753$lle023$og$pE15.00$q-$rl$s- $t0$u0$v0$w0$x0$y.i15962052$z21-06-21 996 $aCgil, il Salento$91807084 997 $aUNISALENTO 998 $ale023$b21-06-21$cm$da $e-$fita$git $h3$i0